<?xml version="1.0" encoding="UTF-8"?>
<record
    xmlns:xsi="http://www.w3.org/2001/XMLSchema-instance"
    xsi:schemaLocation="http://www.loc.gov/MARC21/slim http://www.loc.gov/standards/marcxml/schema/MARC21slim.xsd"
    xmlns="http://www.loc.gov/MARC21/slim">

  <leader>02645nam a2200325   4500</leader>
  <controlfield tag="001">ESSALUD</controlfield>
  <controlfield tag="005">20260702125051.0</controlfield>
  <controlfield tag="007">ta</controlfield>
  <controlfield tag="008">      t        pe ||||| |||| 00| 0 spa d</controlfield>
  <datafield tag="040" ind1=" " ind2=" ">
    <subfield code="a">BMG</subfield>
  </datafield>
  <datafield tag="041" ind1=" " ind2=" ">
    <subfield code="a">spa</subfield>
  </datafield>
  <datafield tag="100" ind1=" " ind2=" ">
    <subfield code="a">V&#xED;lchez S&#xE1;nchez, Roberto Carlos </subfield>
    <subfield code="a">Arenas V&#xE1;squez, Angie Raquel </subfield>
    <subfield code="e">Autor</subfield>
    <subfield code="9">53148</subfield>
  </datafield>
  <datafield tag="245" ind1=" " ind2=" ">
    <subfield code="a">&#xBF;Es nulo el despido de un trabajador que se encuentra con descanso m&#xE9;dico?</subfield>
  </datafield>
  <datafield tag="246" ind1=" " ind2=" ">
    <subfield code="a">Is the dismissal of an employee who is on medical leave null and void?</subfield>
  </datafield>
  <datafield tag="300" ind1=" " ind2=" ">
    <subfield code="a">p&#xE1;ginas 79-83</subfield>
  </datafield>
  <datafield tag="520" ind1=" " ind2=" ">
    <subfield code="a">El despido de un trabajador que se encuentra con descanso m&#xE9;dico no constituye,
por s&#xED; solo, una causal de despido nulo, dado que el ordenamiento jur&#xED;dico no
reconoce al descanso m&#xE9;dico como una causal aut&#xF3;noma de nulidad. En consecuencia,
el despido ser&#xE1; v&#xE1;lido siempre que se sustente en una causa justa, objetiva y legal,
debidamente acreditada, con independencia del estado de salud del trabajador. Una
interpretaci&#xF3;n distinta implicar&#xED;a una indebida ampliaci&#xF3;n de las causales de nulidad y
una afectaci&#xF3;n al principio de legalidad. Asimismo, corresponde al trabajador acreditar
que la enfermedad o el descanso m&#xE9;dico fueron el motivo real del cese, no siendo
suficiente la sola coincidencia temporal, lo que exige un an&#xE1;lisis concreto de cada caso. 
</subfield>
  </datafield>
  <datafield tag="520" ind1=" " ind2=" ">
    <subfield code="a">The dismissal of a worker who is on medical leave does not, by itself, constitute grounds far
null dismissal, as the legal system does not recognize medical leave as an autonomous cause of nullity.
Consequently, the dismissal will be valid provided that it is based on a fair, objective, and lawful cause,
duly substantiated, regardless of the worker's health condition. A different interpretation would
imply an undue expansion of the grounds for nullity and an infringement of the principle of legality.
Furthermore, the burden lies with the worker to prove that the illness or medical leave was the real
reason for the termination, since mere temporal coincidence is insufficient, thus requiring a case-by-case
analysis.
</subfield>
  </datafield>
  <datafield tag="650" ind1=" " ind2=" ">
    <subfield code="a">DESPIDO NULO</subfield>
    <subfield code="9">53149</subfield>
  </datafield>
  <datafield tag="650" ind1=" " ind2=" ">
    <subfield code="a">DESCANSO M&#xC9;DICO</subfield>
    <subfield code="9">53150</subfield>
  </datafield>
  <datafield tag="650" ind1=" " ind2=" ">
    <subfield code="a">SALUD DEL TRABAJADOR</subfield>
    <subfield code="9">53151</subfield>
  </datafield>
  <datafield tag="650" ind1=" " ind2=" ">
    <subfield code="a">RELACI&#xD3;N LABORAL</subfield>
    <subfield code="9">53152</subfield>
  </datafield>
  <datafield tag="650" ind1=" " ind2=" ">
    <subfield code="a">CAUSA JUSTA</subfield>
    <subfield code="9">53153</subfield>
  </datafield>
  <datafield tag="650" ind1=" " ind2=" ">
    <subfield code="a">NULL DISMISSAL </subfield>
    <subfield code="9">53154</subfield>
  </datafield>
  <datafield tag="650" ind1=" " ind2=" ">
    <subfield code="a">MEDICAL LEAVE </subfield>
    <subfield code="9">53155</subfield>
  </datafield>
  <datafield tag="650" ind1=" " ind2=" ">
    <subfield code="a">WORKER'S HEALTH </subfield>
    <subfield code="9">53156</subfield>
  </datafield>
  <datafield tag="650" ind1=" " ind2=" ">
    <subfield code="a">EMPLOYMENT RELATIONSHIP </subfield>
    <subfield code="9">53157</subfield>
  </datafield>
  <datafield tag="650" ind1=" " ind2=" ">
    <subfield code="a">JUST CAUSE</subfield>
    <subfield code="9">53158</subfield>
  </datafield>
  <datafield tag="773" ind1="0" ind2=" ">
    <subfield code="0">22614</subfield>
    <subfield code="9">22623</subfield>
    <subfield code="d">Lima Grupo Praxis Formaci&#xF3;n Profesional, 2026-</subfield>
    <subfield code="o">PRALAB001</subfield>
    <subfield code="t">Praxis Laboral &amp; Procesal Laboral</subfield>
    <subfield code="w">ESSALUD</subfield>
    <subfield code="x">3119-768X</subfield>
  </datafield>
  <datafield tag="942" ind1=" " ind2=" ">
    <subfield code="c">ARTICULOS</subfield>
    <subfield code="e">2026-07-02</subfield>
    <subfield code="z">SQB</subfield>
  </datafield>
  <datafield tag="999" ind1=" " ind2=" ">
    <subfield code="c">22619</subfield>
    <subfield code="d">22619</subfield>
  </datafield>
</record>
